| 000 | 01106nam a22002777a 4500 | ||
|---|---|---|---|
| 999 |
_c21162 _d21162 |
||
| 003 | AR-CdUCM | ||
| 008 | 190306b ||||| |||| 00| 0 spa d | ||
| 040 |
_aMUNICIPALIDAD PROVINCIAL DEL CUSCO _cBIBLIOTECA MUNICIPAL DEL CUSCO |
||
| 082 |
_a869.56 / R21K _bR21K |
||
| 100 |
_aRamos Tacca, Marío _944204 |
||
| 245 |
_aKnock out narrativa cuzqueña COPÉ : _bselección y notas de Mario Ramos Tacca / |
||
| 260 |
_aCusco : _bInkari, _c2017. |
||
| 300 |
_a199 paginas ; _c21 cm. |
||
| 505 | _aContenido: La muerte del Doctor Octavio Aguilar -- El Gerente -- Al filo del rayo -- Temporal en la cuesta de los difuntos -- Libreta de campo -- María Nieves -- El fantasma es el otro ... | ||
| 650 |
_aLiteratura peruana _9169 |
||
| 650 |
_aLiteratura cusqueña _944205 |
||
| 650 |
_aLiteratos cusqueños _944145 |
||
| 650 |
_aNarrativa cusqueña _910453 |
||
| 650 |
_aSiglo XX _98 |
||
| 700 |
_aBravo Espinoza, Carlos _944206 |
||
| 700 |
_aRosas Paravicino, Enrique _9417 |
||
| 700 |
_aNieto Degregori, Luis _96534 |
||
| 700 |
_aAvendaño Farfán, Ángel _922687 |
||
| 942 |
_2ddc _cLIBROS |
||
| 945 | _aRoel | ||